Moderní panelový byt : Nápady - úpravy - řešení

Gespeichert in:
Bibliographische Detailangaben
Hauptverfasser: Poslušná, Iva (Verfasst von), Meixner, Miloslav (Verfasst von), kol (Verfasst von)
Format: Buch
Sprache:Tschechisch
Veröffentlicht: Brno : ERA, 2007
Ausgabe:1.vyd.
Tags: Tag hinzufügen
Keine Tags, Fügen Sie das erste Tag hinzu!

MARC

LEADER 00000nam a22000003a 4500
001 stu163599
005 20150617230000.9
008 080516s2007----xr------------------cze-d
020 |a 978-80-7366-108-3 
040 |a STU  |b slo 
041 0 |a cze 
044 |a xr 
080 |a 624.012.3 
080 |a 643 
080 |a 645 
100 1 |a Poslušná, Iva  |4 aut 
245 1 |a Moderní panelový byt :  |b Nápady - úpravy - řešení 
250 |a 1.vyd. 
260 |a Brno :  |b ERA,  |c 2007 
300 |a 127 s.;obr 
700 1 |a Meixner, Miloslav  |4 aut 
700 1 |a kol.  |4 aut 
996 |b 284V030663  |c V*49868/O-22129  |l VVT  |s A  |a 24  |w stu163599_0001